Alas en vuelo : (Record no. 32423)
[ view plain ]
| 000 -CABECERA | |
|---|---|
| campo de control de longitud fija | 00692nam a2200217 a 4500 |
| 001 - NÚMERO DE CONTROL | |
| campo de control | 000032932 |
| 003 - IDENTIFICADOR DEL NÚMERO DE CONTROL | |
| campo de control | OSt |
| 005 - FECHA Y HORA DE LA ÚLTIMA TRANSACCIÓN | |
| campo de control | 20240412074256.0 |
| 008 - DATOS DE LONGITUD FIJA--INFORMACIÓN GENERAL | |
| campo de control de longitud fija | 110802s1935 dr r 000 0 spa d |
| 040 ## - FUENTE DE LA CATALOGACIÓN | |
| Centro catalogador/agencia de origen | DO-SdBNP |
| Lengua de catalogación | spa |
| Centro/agencia transcriptor | BNPHU |
| 082 #4 - NÚMERO DE LA CLASIFICACIÓN DECIMAL DEWEY | |
| Número de clasificación | RD861.4 |
| Número de documento/Ítem | G993a |
| 100 1# - ENTRADA PRINCIPAL--NOMBRE DE PERSONA | |
| Nombre de persona | Guzmán, F. Benjamín |
| 9 (RLIN) | 23793 |
| 245 10 - MENCIÓN DE TÍTULO | |
| Título | Alas en vuelo : |
| Resto del título | poemas en prosas / |
| Mención de responsabilidad, etc. | F. Benjamin Guzmán. |
| 260 ## - PUBLICACIÓN, DISTRIBUCIÓN, ETC. | |
| Lugar de publicación, distribución, etc. | Santiago, República Dominicana : |
| Nombre del editor, distribuidor, etc. | Imp. Tavárez, |
| Fecha de publicación, distribución, etc. | 1935. |
| 300 ## - DESCRIPCIÓN FÍSICA | |
| Extensión | 1v. (con varias paginaciones) ; |
| Dimensiones | 24 cm. |
| 590 ## - NOTA LOCAL (RLIN) | |
| Nota local | Inventariado, 2019/BT |
| 650 #4 - PUNTO DE ACCESO ADICIONAL DE MATERIA--TÉRMINO DE MATERIA | |
| Término de materia o nombre geográfico como elemento de entrada | Poesía dominicana |
| 9 (RLIN) | 77207 |
| 650 #0 - PUNTO DE ACCESO ADICIONAL DE MATERIA--TÉRMINO DE MATERIA | |
| Término de materia o nombre geográfico como elemento de entrada | Literatura dominicana. |
| 9 (RLIN) | 67 |
| 910 ## - DATOS DE OPCIÓN DEL USUARIO (OCLC) | |
| Datos de opción del usuario | Validado. Control de calidad MFF |
| 942 ## - ELEMENTOS DE PUNTO DE ACCESO ADICIONAL (KOHA) | |
| Fuente del sistema de clasificación o colocación | Dewey Decimal Classification |
| Tipo de ítem Koha | Libro |
| Estado de retiro | Estado de pérdida | Fuente del sistema de clasificación o colocación | No para préstamo | Código de colección | Localización permanente | Ubicación/localización actual | Ubicación en estantería | Fecha de adquisición | Total de préstamos | Signatura topográfica completa | Código de barras | Fecha visto por última vez | Precio válido a partir de | Tipo de ítem Koha | Nota pública | Número de copia |
|---|---|---|---|---|---|---|---|---|---|---|---|---|---|---|---|---|
| Dewey Decimal Classification | Excluido de préstamo | Raros y valiosos | Biblioteca Nacional Pedro Henríquez Ureña | Patrimonio Dominicano | Depósito | 02.08.2011 | BNPHU PD-RV RD861.4 G993a | 32932-10 | 25.06.2020 | 25.06.2020 | Libro | Perteneció a la biblioteca personal de Carlos Larrazábal Blanco. | ||||
| Dewey Decimal Classification | Excluido de préstamo | Raros y valiosos | Biblioteca Nacional Pedro Henríquez Ureña | Patrimonio Dominicano | Depósito | 09.08.2011 | BNPHU PD-RV RD861.4 G993a | 32932-20 | 25.06.2020 | 25.06.2020 | Libro | Perteneció a la biblioteca personal de Martínez Boog. | e.2 |
